Directorio católico de términos y doctrinas religiosas /

Kaydedildi:
Detaylı Bibliyografya
Yazar: Havers, Guillermo María (autor)
Diğer Yazarlar: Torres, Bricio (autor) (autor), Guinea Ramos, Wifredo (introducción) (introducción)
Materyal Türü: Kitap
Dil:İspanyolca
Baskı/Yayın Bilgisi: México : Buena Prensa, 1989, c1989
Edisyon:4a edición
Konular:
Etiketler: Etiketle
Etiket eklenmemiş, İlk siz ekleyin!

MARC

LEADER 00000nam^a2200000^a^4500
001 000328460
005 20250521000000.0
009 20260310113907.551
020 |a 968-6056-13-0 
037 |a Acervo Xavier Clavigero 
041 |a ESP 
082 |a 203.  |b HAV 
100 |a Havers, Guillermo María  |e (autor) 
245 1 0 |a Directorio católico de términos y doctrinas religiosas /  |c G.M. Havers, B. Torres ; introd. de W. Guinea. 
250 |a 4a edición 
264 4 |a México :  |b Buena Prensa,  |c 1989, c1989 
300 |a 280 p. 
336 |a texto  |b txt  |2 rdacontenido 
337 |a sin mediación  |b n  |2 rdamedio 
338 |a volumen  |b nc  |2 rdasoporte 
649 |a XX 
650 |a Catolicismo -  |x Enciclopedias y Diccionarios -  |x Tema Principal 
650 |a Cristianismo -  |x Enciclopedias y Diccionarios 
650 |a Religión -  |x Enciclopedias y Diccionarios 
650 |a Enciclopedias y Diccionarios 
700 |a Torres, Bricio  |e (autor) 
700 |a Guinea Ramos, Wifredo  |e (introducción) 
910 |a Fondo General 
920 |a Impresos - Libros 
930 |a Obras de Referencia 
905 |a 102 
901 |a 060827  |b IT2  |c REF  |u 20250521 
902 |a https://opac.biblio.iteso.mx/vufind/Record/000328460